00295nam a2200109Ia 4500008004100000041000800041082002400049100001800073245004800091260003700139300000900176230411s9999 xx 000 0 und d aeng aAD/610.6/KAU/B07359 aKaur Kamaljit aTextbook of Nursing Management and Services bJaypee BrothersaNew Delhic2013 a360p